000 00827nam a22002057a 4500
005 20251208164350.0
010 _aB-747656 E.N.A./7.11.22 ENG-147251
020 _a8178823640
_c895.00
035 _aEN-130783
037 _bSurinder Kumar & Sons
037 _bDBAD
082 _a370
100 _aSharma, Prayank
_985930
245 _aIndia's Right to Education A Hope For Poor Child/
_b
_cby Prayank Sharma
260 _aDelhi
_bSurinder Kumar & Sons
_c2022
270 _a30/21A-22A, Gali No.9 Vishwas Nagar, Shahdara
_b Delhi
_e110032
300 _a284p.
_c22cm(hbk)
942 _2ddc
_cEN
_mSHA
_h370
999 _c193902
_d193902